000 00460nam a2200181Ia 4500
001 24880
005 20260414151113.0
008 260414t2015||||xx |||||||||||||| ||spa||
041 _aESP
082 _a346
_bP43
100 _aPerlingieri, Giovanni,
_eAUT
245 0 _aAspectos aplicativos de la razonabilidad en el derecho civil
_b
260 _c2015
300 _a197 páginas :
_c22 cm.
650 _aDER
654 _aCDE
942 _cLIB
_dJUS
_fJUS
_2ddc
_n
999 _c24880
_d24880